000 00949cam a22002651 4500
001 rc 01001116
003 DLC
005 20260227111902.0
008 930308s1890 mnu 000 0 eng
010 _arc 01001116
035 _a(OCoLC)27690069
040 _aDLC
_cMnHi
_dDLC
042 _apremarc
043 _an-us-mn
050 0 0 _aHD266.M6
_bM5
052 _a4143
_bH4
110 2 _aMinnesota Title Insurance and Trust Company (Minneapolis, Minn.).
245 1 0 _aCorrect titles of plats filed in the Register's Office of Hennepin County, Minnesota, prior to September 1, 1890.
260 _aMinneapolis,
_bMinnesota Title Insurance and Trust Company,
_c1890.
300 _a110 p. ;
_c20 cm.
500 _aTitle on cover: Names of plats, hints on land transfers.
650 0 _aReal property
_zMinnesota
_zHennepin County.
710 1 _aHennepin County (Minn.).
_bRegister's Office.
740 0 _aNames of plats, hints on land transfers.
999 _c52004
_d52004